American legislatures and legislative methods /

Bibliographic Details
Main Author: Reinsch, Paul S. (Paul Samuel), 1869-1923
Format: Book
Language:English
Published: New York : The Century co., 1907.
Series:American State series.
Subjects:

MARC

Tag First Indicator Second Indicator Subfields
LEADER 00000cam a2200000 4500
001 in00000057025
005 20151008050933.0
008 721206s1907 nyu 00000 eng u
035 |a (OCoLC)00507790 
035 |9 AAG4436AM 
040 |c WSU  |d TXA  |d UtOrBLW 
049 |a TXAM  |c 1 [4954] 
090 |a JK2488  |b .R4 
092 |a 328.73  |b R374a 
100 1 |a Reinsch, Paul S.  |q (Paul Samuel),  |d 1869-1923. 
245 1 0 |a American legislatures and legislative methods /  |c by Paul S. Reinsch. 
264 1 |a New York :  |b The Century co.,  |c 1907. 
300 |a 337 pages 
336 |a text  |b txt  |2 rdacontent 
337 |a unmediated  |b n  |2 rdamedia 
338 |a volume  |b nc  |2 rdacarrier 
490 1 |a The American state series 
650 0 |a Legislative bodies  |z United States. 
830 0 |a American State series. 
999 |a MARS 
999 f f |s f15110d1-3e98-3efa-9987-f09e7e0b9e8d  |i 1b7f13a8-88b4-33bc-bb39-91dc942c00c2  |t 0 
952 f f |p ric  |a Texas A&M University  |b Rellis Campus  |c Joint Library Facility  |d Remote Storage  |t 0  |e JK2488 .R4  |h Library of Congress classification  |i unmediated -- volume  |m A14800682249 
998 f f |a JK2488 .R4  |t 0  |l Remote Storage